Engineering Drawing (Record no. 615725)
[ view plain ]
| 000 -LEADER | |
|---|---|
| fixed length control field | 00369nam a22001457a 4500 |
| 020 ## - INTERNATIONAL STANDARD BOOK NUMBER | |
| International Standard Book Number | 9780070668638 |
| 040 ## - CATALOGING SOURCE | |
| Transcribing agency | NUST |
| 082 ## - DEWEY DECIMAL CLASSIFICATION NUMBER | |
| Classification number | 604.2 |
| Author Mark | AGR |
| 100 ## - MAIN ENTRY--PERSONAL NAME | |
| Personal name | Agrawal, Basant |
| 9 (RLIN) | 83066 |
| 110 ## - MAIN ENTRY--CORPORATE NAME | |
| Corporate name or jurisdiction name as entry element | AGRAWAL, C M |
| 9 (RLIN) | 132624 |
| 245 ## - TITLE STATEMENT | |
| Title | Engineering Drawing |
| 260 ## - PUBLICATION, DISTRIBUTION, ETC. | |
| Place of publication, distribution, etc. | NEW DELHI: |
| Name of publisher, distributor, etc. | TATA MCGRAW HILL, |
| Date of publication, distribution, etc. | 2009. |
| 650 ## - SUBJECT ADDED ENTRY--TOPICAL TERM | |
| Topical term or geographic name entry element | Engineering Drawing |
| 9 (RLIN) | 73872 |
| 942 ## - ADDED ENTRY ELEMENTS (KOHA) | |
| Source of classification or shelving scheme | |
| Koha item type | Book |
| Withdrawn status | Lost status | Source of classification or shelving scheme | Damaged status | Not for loan | Permanent Location | Current Location | Shelving location | Date acquired | Total Checkouts | Full call number | Barcode | Date last seen | Price effective from | Koha item type | Public note |
|---|---|---|---|---|---|---|---|---|---|---|---|---|---|---|---|
| College of Electrical & Mechanical Engineering (CEME) | College of Electrical & Mechanical Engineering (CEME) | General Stacks | 12/30/2025 | 604.2 AGR | CEME-45669. | 12/30/2025 | 12/30/2025 | Book | 3.8 |
